| 000 | 00491nam a2200193Ia 4500 | ||
|---|---|---|---|
| 003 | GCL | ||
| 008 | 140319s9999 xx 000 0 eng d | ||
| 040 |
_aGCL / _cGCL |
||
| 082 | 0 | 4 |
_a372.11 _bC P |
| 100 | 1 | _aCAMPBELL, R. J. | |
| 245 | 1 | 0 |
_aPRIMARY TEACHERS AT WORK / _cCAMPBELL, R. J. |
| 700 | 1 | _aNEILL, S. R. ST. J. | |
| 260 |
_a[S.N] : _bROUTLEDGE ، _c1994 |
||
| 300 | _a252 PP | ||
| 650 | 0 | 4 | _aELEMENTARY SCHOOL |
| 650 | 0 | 4 | _aTEACHERS |
| 650 | 0 | 4 | _aGREAT BRITAIN |
| 942 |
_2ddc _cBK |
||
| 999 |
_c18215 _d18215 |
||